header

Value-based metrics for improving results (Record no. 140883)

MARC details
000 -LEADER
fixed length control field 01389nam a2200349 a 4500
082 04 - DEWEY DECIMAL CLASSIFICATION NUMBER
Classification number 658.4/04
100 1# - MAIN ENTRY--AUTHOR NAME
Personal name Schnapper, Melvin.
245 10 - TITLE STATEMENT
Title Value-based metrics for improving results
260 ## - PUBLICATION, DISTRIBUTION, ETC. (IMPRINT)
Place of publication Ft. Lauderdale, Fla. :
Name of publisher J. Ross Pub.,
Year of publication c2006.
300 ## - PHYSICAL DESCRIPTION
Number of Pages xix, 434 p. :
Other physical details ill.
650 #0 - SUBJECT ADDED ENTRY--TOPICAL TERM
Topical Term Project management
Topical Term Performance standards.
Topical Term Work measurement.
700 1# - ADDED ENTRY--PERSONAL NAME
Personal name Rollins, Steven C.,
856 40 - ELECTRONIC LOCATION AND ACCESS
Uniform Resource Identifier http://site.ebrary.com/lib/rucke/Doc?id=10520073

No items available.

© 2026 Rongo University
Contact us: librarian | system librarian | Rongo university